Central Library OPAC University of Rajshahi

International trade: (Record no. 49577)

MARC details
000 -LEADER
fixed length control field 00761nam a2200253 a 4500
001 - CONTROL NUMBER
control field 49577
003 - CONTROL NUMBER IDENTIFIER
rucl marc code BD-RjUL
005 - DATE AND TIME OF LATEST TRANSACTION
control field 20211209054710.0
008 - FIXED-LENGTH DATA ELEMENTS--GENERAL INFORMATION
fixed length control field 160821s1948 iluab 000 0 eng
035 ## - SYSTEM CONTROL NUMBER
System control number MITb10905755
System control number (OCoLC)02210345
-- (BD-RjUL)49696
040 ## - CATALOGING SOURCE
Original cataloging agency DLC
Transcribing agency TOL
Modifying agency NRC
-- MYG
-- BD-RjUL
Language of cataloging eng
041 ## - LANGUAGE CODE
Language code of text/sound track or separate title eng
082 ## - DEWEY DECIMAL CLASSIFICATION NUMBER
Classification number 380.9
Author mark and year ISI 1948
100 1# - MAIN ENTRY--PERSONAL NAME
Personal name Isaacs, Asher,
Dates associated with a name 1902-1963.
9 (RLIN) 130547
245 10 - TITLE STATEMENT
Title International trade:
Remainder of title tariff and commercial policies /
Statement of responsibility, etc. Asher Isaacs.
260 ## - PUBLICATION, DISTRIBUTION, ETC. (IMPRINT)
Place of publication, distribution, etc. Chicago:
Name of publisher, distributor, etc. R. D. Irwin,
Date of publication, distribution, etc. 1948.
300 ## - PHYSICAL DESCRIPTION
Pagination xxv, 838 p. :
Illustrations ill .;
Size 24 cm.
650 #0 - SUBJECT ADDED ENTRY--TOPICAL TERM
Topical term or geographic name as entry element Commerce
General subdivision History.
9 (RLIN) 133088
Topical term or geographic name as entry element Commercial policy.
9 (RLIN) 148681
Topical term or geographic name as entry element Tariff
General subdivision History.
9 (RLIN) 148682
942 ## - ADDED ENTRY ELEMENTS (KOHA)
Source of classification or shelving scheme Dewey Decimal Classification
Koha item type Books
Holdings
Lost status Source of classification or shelving scheme Damaged status Not for loan Collection code Permanent Location Current Location Shelving location Date acquired Source of acquisition Cost, normal purchase price Total Checkouts Full call number Date last seen Copy number Koha item type
  Dewey Decimal Classification   Not For Loan Non-fiction Central Library, University of Rajshahi Central Library, University of Rajshahi Reading Room 30/03/1990 Zeitlinger 70.00   380.9 ISI 1948 21/08/2016 C-1 Books
  Dewey Decimal Classification     Non-fiction Central Library, University of Rajshahi Central Library, University of Rajshahi   30/08/1970 Zeitlinger 70.00   380.9 ISI 1948 14/11/2016 C-2 Books